[Event "FRA-ch U14 Girls"]
[Site "Hyeres"]
[Date "2019.04.21"]
[Round "9"]
[White "Kuhn, Mathilde"]
[Black "Croisille, Shanti"]
[Result "0-1"]
[WhiteElo "1608"]
[BlackElo "1575"]
[PlyCount "144"]
[EventDate "2019.04.14"]
[EventType "swiss"]
[EventRounds "9"]
[EventCountry "FRA"]
[SourceTitle "CBM 190 Extra"]
[Source "ChessBase"]
[SourceDate "2019.07.15"]
[SourceVersion "1"]
[SourceVersionDate "2019.07.15"]
[SourceQuality "1"]

1. e4 c5 2. Nc3 d6 3. f4 g6 4. Bb5+ Bd7 5. Bc4 Bg7 6. Nf3 e6 7. 0-0 Ne7 8. d3 0-0 9. Qe1 Nbc6 10. Qh4 Na5 11. Bb3 Nxb3 12. axb3 b5 13. g4 f5 14. gxf5 exf5 15. e5 dxe5 16. Nxe5 b4 17. Ne2 Nd5 18. Qf2 Qe7 19. d4 cxd4 20. Qxd4 Bc6 21. Qc4 Bb7 22. Nf3 Kh8 23. Qd3 Rfd8 24. Ned4 Qd6 25. Qb5 Nb6 26. Be3 Bxf3 27. Nxf3 Bxb2 28. Ra6 Rdb8 29. Bc5 Qxf4 30. Bxb6 axb6 31. Rxa8 Rxa8 32. Qxb6 Bc3 33. Qc6 Qe4 34. Qd6 Re8 35. Kg2 Qxc2+ 36. Rf2 Qxb3 37. Qd7 Qe6 38. Qb7 Qe7 39. Qd5 Qe4 40. Qf7 Qe6 41. Qb7 h6 42. h3 g5 43. Qb5 Rd8 44. Qa5 Qd5 45. Qa6 Rd6 46. Qc8+ Kg7 47. Qc7+ Rd7 48. Qg3 Qe4 49. Kh2 Qf4 50. Qxf4 gxf4 51. Nh4 Kf6 52. Kg2 Bd2 53. Nf3 Be3 54. Rb2 Rb7 55. Ne1 Ke5 56. Nd3+ Ke4 57. Nxb4 Rb6 58. Kf1 Bd4 59. Re2+ Kf3 60. Nc2 Rb1+ 61. Ne1+ Kg3 62. Rd2 Be3 63. Rd3 Kxh3 64. Ke2 Rb2+ 65. Kd1 Kg3 66. Nc2 Kf2 67. Nd4 Bxd4 68. Rxd4 Ke3 69. Rd6 f3 70. Re6+ Kf4 71. Rxh6 f2 72. Rh4+ Kg3 0-1

[Event "FRA-ch U14 Girls"]
[Site "Hyeres"]
[Date "2019.04.20"]
[Round "8"]
[White "Nguyen, Thao Nhi"]
[Black "Kuhn, Mathilde"]
[Result "0-1"]
[WhiteElo "1803"]
[BlackElo "1608"]
[PlyCount "88"]
[EventDate "2019.04.14"]
[EventType "swiss"]
[EventRounds "9"]
[EventCountry "FRA"]
[SourceTitle "CBM 190 Extra"]
[Source "ChessBase"]
[SourceDate "2019.07.15"]
[SourceVersion "1"]
[SourceVersionDate "2019.07.15"]
[SourceQuality "1"]

1. e4 c5 2. Nc3 a6 3. g3 Nc6 4. Bg2 g6 5. d3 Bg7 6. f4 d6 7. Nf3 e6 8. 0-0 Nge7 9. Be3 0-0 10. Qc1 Nd4 11. Bf2 Nec6 12. Re1 Nxf3+ 13. Bxf3 Nd4 14. Bg2 Qc7 15. Nd1 Rb8 16. c3 Nc6 17. d4 Ne7 18. Qd2 b5 19. Rc1 Bb7 20. Qe3 Rbc8 21. dxc5 dxc5 22. Qe2 Qa5 23. b3 Rfd8 24. Be3 Rd7 25. Qf2 Qc7 26. b4 cxb4 27. cxb4 Qb8 28. Rxc8+ Qxc8 29. Bc5 Qd8 30. Qc2 Bd4+ 31. Bxd4 Rxd4 32. Qb3 Nc6 33. a3 Rd3 34. Qc2 Qd4+ 35. Kh1 Rxa3 36. Qc1 Qxb4 37. Ne3 Qc3 38. Qd1 Qd3 39. Qc1 Rc3 40. Qb2 b4 41. Ng4 Qc2 42. Qa1 b3 43. Nf6+ Kg7 44. Ne8+ Kf8 0-1

[Event "FRA-ch U14 Girls"]
[Site "Hyeres"]
[Date "2019.04.17"]
[Round "5"]
[White "Cornileau, Juliette"]
[Black "Kuhn, Mathilde"]
[Result "1-0"]
[WhiteElo "1705"]
[BlackElo "1608"]
[PlyCount "137"]
[EventDate "2019.04.14"]
[EventType "swiss"]
[EventRounds "9"]
[EventCountry "FRA"]
[SourceTitle "CBM 190 Extra"]
[Source "ChessBase"]
[SourceDate "2019.07.15"]
[SourceVersion "1"]
[SourceVersionDate "2019.07.15"]
[SourceQuality "1"]

1. d4 Nf6 2. Nf3 g6 3. Bg5 Bg7 4. e3 d6 5. Be2 0-0 6. Nbd2 Nbd7 7. 0-0 b6 8. c3 Bb7 9. Bd3 h6 10. Bh4 e5 11. e4 Qe8 12. Re1 Nh5 13. Qc2 Nf4 14. Bc4 g5 15. Bg3 Qe7 16. Nf1 Nf6 17. Bxf4 gxf4 18. dxe5 dxe5 19. N1d2 Nd7 20. Rad1 Rad8 21. b4 a6 22. g3 fxg3 23. hxg3 c5 24. a3 b5 25. Bf1 Rc8 26. Qb3 c4 27. Qc2 a5 28. Nh4 axb4 29. axb4 Nf6 30. Nf5 Qc7 31. Bg2 Rcd8 32. Nf1 Rxd1 33. Rxd1 Rd8 34. f3 Qb6+ 35. Kh2 Rxd1 36. Qxd1 Bf8 37. N1e3 Bc8 38. Qd2 Bxf5 39. Nxf5 Kh7 40. Bh3 Qc7 41. Bg2 Qd7 42. Qa2 Qd3 43. Qa7 Qd7 44. Qb8 Qe8 45. Qb6 Bg7 46. Bh3 Qd7 47. Qf2 Qd3 48. Bg2 Qxc3 49. Qa7 Kg8 50. Qb8+ Kh7 51. Qxb5 Qd3 52. Qb7 Qd7 53. Qxd7 Nxd7 54. Bf1 c3 55. Bd3 Bf8 56. b5 Nc5 57. Bc2 Nd7 58. Ne3 Bc5 59. Nd5 Bd4 60. f4 exf4 61. gxf4 f6 62. e5+ Kg7 63. e6 Nb6 64. e7 Kf7 65. Bg6+ Kxg6 66. e8Q+ Kf5 67. Nxb6 Bxb6 68. Qd7+ Kg6 69. Qd3+ 1-0